Kyo - Le chemin - Paroles - Statistiques

Statistiques générales
  • Ce quiz a été pris 366 fois
  • Le résultat moyen est 69 sur 98
Statistiques - réponses
Réponse % Correct
à
98%
à
98%
a
98%
à
98%
a
98%
a
98%
à
98%
à
98%
a
98%
chemin
97%
le
97%
le
97%
le
97%
on
96%
on
96%
on
96%
on
96%
parcouru
96%
de
95%
de
95%
de
95%
de
95%
je
95%
je
95%
je
95%
je
95%
je
95%
te
95%
la
93%
la
93%
la
93%
mais
92%
mon
92%
tout
92%
et
91%
t'adore
91%
corps
90%
distance
90%
hais
89%
tenu
86%
encore
80%
encore
80%
dans
75%
dans
75%
les
70%
les
70%
regarde
70%
ton
68%
ton
68%
long
67%
une
67%
nos
66%
coeur
65%
ce
64%
qui
64%
qui
64%
lueur
63%
suis
63%
suis
63%
l'ombre
62%
mensonges
61%
nous
60%
assise
59%
est
58%
jusqu'à
58%
mains
58%
maison
58%
verre
58%
longue
57%
vis
57%
regarde-toi
56%
regarde-toi
56%
glacées
55%
moitié
55%
comme
53%
remplie
53%
l'ongle
52%
fantome
51%
sur
51%
sans
50%
seul
50%
changé
49%
eau
49%
niveau
49%
l'étranger
48%
yeux
48%
l'autre
47%
monte
46%
ronge
46%
s'arrêter
46%
pôle
43%
fermer
40%
s'égare
39%
seulement
34%
come
9%
way
9%
such
7%
we've
7%
Aucun quiz correspondant
Distribution des résultats
% des personnes avec chaque résultat
Percentile par nombre de réponses
Votre historique - résultats
Vous n’avez pas pris ce quiz